Учебник по системной терапии и консультированию (Запись № 1791263)

Подробности
000 -МАРКЕР
контрольное поле 01956nam0a2200361 4500
001 - ИДЕНТИФИКАТОР ЗАПИСИ
контрольное поле RU\NLR\bibl\1809572
005 - ИДЕНТИФИКАТОР ВЕРСИИ
контрольное поле 20260405130120.0
010 ## - МЕЖДУНАРОДНЫЙ СТАНДАРТНЫЙ НОМЕР КНИГИ (ISBN)
Номер (ISBN) 978-5-91160-042-6
Тираж 2000
021 ## - НОМЕР ГОСУДАРСТВЕННОЙ РЕГИСТРАЦИИ
Код страны Российская Федерация
Номер 2011-62667
Номер Листа государственной регистраци 4395
035 ## - ДРУГИЕ СИСТЕМНЫЕ НОМЕРА
Идентификатор записи (NLR Aleph) 001800198
100 ## - ДАННЫЕ ОБЩЕЙ ОБРАБОТКИ
Данные общей обработки 20110915d2011 |||y0rusy50 ca
101 1# - ЯЗЫК РЕСУРСА
Язык текста, звукозаписи и т.д. русский
Язык оригинала немецкий
102 ## - СТРАНА ПУБЛИКАЦИИ ИЛИ ПРОИЗВОДСТВА
Страна публикации Российская Федерация
105 ## - ПОЛЕ КОДИРОВАННЫХ ДАННЫХ: ТЕКСТОВЫЕ МАТЕРИАЛЫ, МОНОГРАФИЧЕСКИЕ
Кодированные данные о монографическом текстовом документе a |||||||||
200 1# - ЗАГЛАВИЕ И СВЕДЕНИЯ ОБ ОТВЕТСТВЕННОСТИ
Основное заглавие Учебник по системной терапии и консультированию
Первые сведения об ответственности Арист фон Шлиппе, Йохан Швайтцер
Последующие сведения об ответственности [пер. с нем.: проф. А. Фильц, Н. Бреславская]
210 ## - ПУБЛИКАЦИЯ, РАСПРОСТРАНЕНИЕ И ДР.
Место издания, распространения и т.д. Москва
Имя издателя, распространителя и т. д. Институт консультирования и системных решений
Дата издания, распространения и т.д. 2011
215 ## - ФИЗИЧЕСКАЯ ХАРАКТЕРИСТИКА
Специфическое обозначение материала и объем 354, [1] с.
Другие сведения о физической характеристике ил.
Размеры 22
225 1# - СЕРИЯ
Основное заглавие серии Системная терапия и консультирование
300 ## - ОБЩИЕ ПРИМЕЧАНИЯ
Текст примечания Пер. изд.: Lehrbuch der systemischen Therapie und Beratung / Arist von Schlippe, Jochen Schweitzer. - Göttingen, 2003
320 ## - ПРИМЕЧАНИЯ О НАЛИЧИИ В ДОКУМЕНТЕ БИБЛИОГРАФИИ / УКАЗАТЕЛЯ
Текст примечания Библиогр. в конце кн. (746 назв.)
454 #0 - ОРИГИНАЛ (ПЕРЕВОДА)
Встроенное поле 2001#$aLehrbuch der systemischen Therapie und Beratung
-- 700#1$3RU\NLR\auth\7751289$7ba$aSchlippe$bA. von$f1951-$gArist von$4070
-- 701#1$3RU\NLR\auth\7751291$7ba$aSchweitzer$bJo.$f1954-$gJochen$4070
-- 210##$aGöttingen$d2003
Заглавие Lehrbuch der systemischen Therapie und Beratung
Автор Schlippe, Arist von (1951-)
606 1# - НАИМЕНОВАНИЕ ТЕМЫ КАК ПРЕДМЕТ
Наименование темы Психотерапия
Формальный подзаголовок Учебники для высших учебных заведений
Системный номер авторитетной/нормативной записи 915280
Идентификатор авторитетной/нормативной записи RU\NLR\auth\6615398
686 ## - ИНДЕКСЫ ДРУГИХ КЛАССИФИКАЦИЙ
Индекс Р357.1я73-1
686 ## - ИНДЕКСЫ ДРУГИХ КЛАССИФИКАЦИЙ
Индекс Ю948.1-82я73
700 #1 - ИМЯ ЛИЦА - ПЕРВИЧНАЯ ОТВЕТСТВЕННОСТЬ
Код отношения Автор
Материалы, к которым относится поле rus
Графика поля Кириллица
Начальный элемент ввода Шлиппе
Часть имени, кроме начального элемента ввода А. фон
Даты 1951-
Расширение инициалов личного имени Арист фон
Идентификатор авторитетной/нормативной записи RU\NLR\auth\7751288
Системный номер авторитетной/нормативной записи 34222
701 #1 - ИМЯ ЛИЦА - АЛЬТЕРНАТИВНАЯ ОТВЕТСТВЕННОСТЬ
Код отношения Автор
Материалы, к которым относится поле rus
Графика поля Кириллица
Начальный элемент ввода Швайтцер
Часть имени, кроме начального элемента ввода Й.
Даты 1954-
Расширение инициалов личного имени Йохан
Идентификатор авторитетной/нормативной записи RU\NLR\auth\7751290
Системный номер авторитетной/нормативной записи 34224
801 #0 - ИСТОЧНИК ЗАПИСИ
Страна Российская Федерация
Организация NLR
Дата составления 20110915
Правила каталогизации RCR
801 #1 - ИСТОЧНИК ЗАПИСИ
Страна Российская Федерация
Организация NLR
Дата составления 20110915
942 ## - ДОПОЛНИТЕЛЬНЫЕ ЭЛЕМЕНТЫ ЗАПИСИ (АБИС)
Тип экземпляра АБИС Книга
980 ## - КОЛЛЕКЦИЯ
Название коллекции Национальная библиография
980 ## - КОЛЛЕКЦИЯ
Название коллекции НБР
Экземпляры
Тип экземпляра Дата поступления Источник поступления Библиотека постоянного хранения Библиотека текущего хранения Место хранения Шифр хранения Штрих-код Статус экземпляра Стоимость
Книга 15.09.2011 Обязательный экземпляр РНБ (Московский) РНБ (Московский) Русский книжный фонд: издания с 1957 года 2011-5/6943 3489099    
Книга 15.09.2011 Обязательный экземпляр РНБ (Московский) РНБ (Московский) Фонд общего зала литературы по биологии и медицине М1 Р357/Ш-692 1-296933    
Книга 02.11.2011 Обмен РНБ (Садовая) РНБ (Садовая) Универсальный читальный зал У Ю948.1/Ш-692 1-163041   350.00